Statystyki dla BAZÓWKI KLP

Kliknij tutaj aby rozwiązać quiz!

Ogólne statystyki

  • Ten quiz został rozwiązany 12 razy
  • Średni wynik to 32 z 59

Statystyki odpowiedzi

Odpowiedź% Poprawnych
arteria subclavia
100%
nervus phrenicus
100%
aorta ascendens
75%
apex cordis
75%
atrium dex. cordis
75%
atrium sin. cordis
75%
esophagus
75%
musculus pectoralis major
75%
nervus medianus
75%
nervus musculocutaneus
75%
nervus radialis
75%
nervus vagus
75%
trachea
75%
vena azygos
75%
vena cava inferior
75%
vena cava superior
75%
ventriculus dex. cordis
75%
ventriculus sin. cordis
75%
apex pulmonis
50%
arcus aortae
50%
arteria carotis communis
50%
arteria coronaria
50%
arteria thoracica interna
50%
auricula atrii dex.
50%
auricula atrii sin.
50%
bronchus principalis
50%
diaphragma
50%
ductus thoracicus
50%
fossa ovalis
50%
lobus inferior pulmonis
50%
lobus superior pulmonis
50%
musculus erector spinae
50%
musculus intercostalis externus
50%
musculus intercostalis internus
50%
musculus latissimus dorsi
50%
musculus serratus anterior
50%
musculus trapezius
50%
nervus axillaris
50%
pleura parietalis
50%
septum interventriculare
50%
sinus coronarius
50%
truncus brachiocephalicus
50%
truncus pulmonalis
50%
valva aortae
50%
valva bicuspidalis
50%
valva tricuspidalis
50%
valva trunci pulmonalis
50%
aorta thoracica
25%
arteria axillaris
25%
arteria pulmonalis
25%
arteria vertebralis
25%
lobus medius pulmonis dex.
25%
musculus papillaris ventriculi dex.
25%
musculus papillaris ventriculi sin.
25%
nervus intercostalis
25%
truncus sympathicus
25%
vena brachiocephalica
25%
vena pulmonalis inferior
25%
vena pulmonalis superior
25%

Rozkład punktacji

Percentyl według liczby udzielonych odpowiedzi

Procent ludzi z każdym wynikiem

Twoja historia wyników

Nie rozwiązałeś tego quizu